Ancient Rome (Record no. 1650)

000 -LEADER
fixed length control field 00605nam a22002177a 4500
003 - CONTROL NUMBER IDENTIFIER
control field OSt
005 - DATE AND TIME OF LATEST TRANSACTION
control field 20210423060056.0
008 - FIXED-LENGTH DATA ELEMENTS--GENERAL INFORMATION
fixed length control field 210222s2005 ||||| |||| 00| 0 eng d
020 ## - INTERNATIONAL STANDARD BOOK NUMBER
International Standard Book Number 9780681280137
020 ## - INTERNATIONAL STANDARD BOOK NUMBER
International Standard Book Number 0681280131
040 ## - CATALOGING SOURCE
Original cataloging agency eng
Language of cataloging eng
Transcribing agency DLC
041 ## - LANGUAGE CODE
Language code of text/sound track or separate title eng
080 ## - UNIVERSAL DECIMAL CLASSIFICATION NUMBER
Universal Decimal Classification number 008
Item number R-69
100 ## - MAIN ENTRY--PERSONAL NAME
9 (RLIN) 1065
Personal name Rodgers, Nigel
245 ## - TITLE STATEMENT
Title Ancient Rome
Statement of responsibility, etc. / by: Anness Publishing Ltd
260 ## - PUBLICATION, DISTRIBUTION, ETC.
Place of publication, distribution, etc. London
Name of publisher, distributor, etc. Anness Publishing Ltd
Date of publication, distribution, etc. 2005
300 ## - PHYSICAL DESCRIPTION
Extent 512 p.
Other physical details ill.
650 #0 - SUBJECT ADDED ENTRY--TOPICAL TERM
9 (RLIN) 410
Topical term or geographic name entry element History of civilizations
653 ## - INDEX TERM--UNCONTROLLED
Uncontrolled term ცივილიზაციის ისტორია
942 ## - ADDED ENTRY ELEMENTS (KOHA)
Source of classification or shelving scheme
Koha item type Books
Holdings
Withdrawn status Lost status Source of classification or shelving scheme Damaged status Not for loan Permanent location Current location Date acquired Inventory number Total Checkouts Full call number Barcode Date last seen Date last checked out Price effective from Koha item type
          Ken Walker International University Ken Walker International University 02/22/2021 1224 1 008 R-69 1224 02/20/2025 02/20/2025 02/22/2021 Books

Powered by Koha